Problemas del realismo

Guardat en:
Dades bibliogràfiques
Autor principal: Lukács, Georg (autor)
Format: Llibre
Idioma:espanyol
Publicat: Ciudad de México Fondo de Cultura Económica 1966
Col·lecció:Sección de obras de filosofía
Matèries:
Etiquetes: Afegir etiqueta
Sense etiquetes, Sigues el primer a etiquetar aquest registre!

MARC

LEADER 00000nam a2200000 a 4500
001 UCZ2344
003 CL-VaPUC
008 950929e19660000MX |||||||||||||||||spa|d
082 0 4 |a 149  |b LUK  |2 21 
100 |a Lukács, Georg  |e autor  |9 375284 
245 1 0 |a Problemas del realismo 
300 |a 451 p 
942 |c BK 
945 |d 19950929 00:00:00  |a lriquelm 
260 |a Ciudad de México  |b Fondo de Cultura Económica  |c 1966 
650 0 |a Racionalismo  |9 259116 
650 0 |a Realismo  |9 259117 
650 0 |a Filosofía de las ciencias  |9 256466 
650 0 |a Fenomenología  |9 256519 
583 |a last modification  |c 19950929 00:00:00  |k Rodrigo Vera 
490 0 |a Sección de obras de filosofía 
999 |c 238970  |d 238968 
952 |0 0  |1 0  |4 0  |6 149_000000000000000_LUK_1966  |7 0  |8 A  |9 249696  |a BIBEDU  |b BIBEDU  |d 2019-11-18  |i 1567276  |o 149 LUK 1966  |p 1567276  |r 2019-11-18  |w 2019-11-18  |y BK  |k FIL 
952 |0 0  |1 0  |4 0  |6 149_000000000000000_LUK_1966  |7 0  |8 A  |9 249697  |a BIBART  |b BIBART  |d 2019-11-18  |i 3816958  |l 2  |o 149 LUK 1966  |p 3816958  |r 2025-03-13  |s 2022-09-30  |w 2019-11-18  |y BK  |k ART